BIBLIOTHÈQUE DE LA MAISON DU MEXIQUE

Logo 1 Logo 2

La oposición (notice nᵒ 12616)

détails MARC
000 -Sello discográfico
campo de control de longitud fija 00898nam a2200313 4500
005 - Identificación de versión
campo de control 20251016082004.0
010 ## - Número Estándar Internacional de Libros (ISBN)
Número (ISBN) 968-419-532-X
035 ## - Otros números de control del sistema
Número de control del sistema 17483
099 ## - fechas locales
Tipo de ítem Koha LIBRO
100 ## - Datos de procesamiento general
Datos de procesamiento general 19930801d1988 m y1spay5003 ba
105 ## - Campo de datos codificados: Material textual, monográfico
Datos codificados de monografía y 001zy
200 1# - Título y mención de responsabilidad
Título propio La oposición
Designación general del material texto impreso
Otra información del título debate por la nación
Primer mención de responsabilidad René Delgado
205 ## - Declaración de edición
Declaración de edición 1a ed
210 ## - Publicación, distribución, etc.
Lugar de publicación, distribución, etc. México
Nombre del editor, distribuidor, etc. Editorial Grijalbo
Fecha de publicación, distribución, etc. 1988
215 ## - Descripción física
Designación de material específico y extensión del ítem 138 p
Dimensiones 19 cm
345 ## - Nota de información de adquisición
Fuente de adquisición/dirección de la suscripción [OBSOLETO] Donación
410 #1 - Series
Título Colección Política Mexicana
606 ## - Término temático usado como materia
Elemento de entrada Oposición (Política)
Subdivisión geográfica México
Número Koha 19369
606 ## - Término temático usado como materia
Elemento de entrada Partidos políticos
Subdivisión geográfica México
Número Koha 502
660 ## - Código de área geográfica
Código MX
700 ## - Nombre personal - Responsabilidad primaria
Elemento de entrada Delgado
Parte del nombre distinta del elemento de entrada René
Número Koha 19370
801 #0 - Fuente de origen
Agencia cm
900 ## -
-- 1/9768
900 ## -
-- 710935438\\010893
942 ## - ELEMENTOS DE ENTRADA SECUNDARIOS (KOHA)
Tipo de ítem Koha Livre
996 ## -
-- MEX
-- 751145101
-- MMAG
-- 006444
-- 320.972 D35O
-- 20220512LIV
Exemplaires
Estatus retirado Estado de daño Estado de pérdida Fecha de adquisición Biblioteca de origen Biblioteca actual Ubicación en estantería Código de barras Precio de reemplazo Signatura topográfica completa No para préstamo Tipo de ítem Koha Nota pública Nota no pública
      05/08/2025 Casa México Paris Casa México Paris   006444 05/08/2025 320.972 D35O   Livre 20220512LIV 751145101